Alle Pokémon anhand von Bildern erkennen - 501 bis 1000 - Statistiken

Allgemein
  • Dieses Quiz wurde 47 mal gespielt
    44 seit der letzten Aktualisierung
  • Das Durchschnittsergebnis liegt bei 130 aus 499
Antwortstatistiken
Bildquiz Antwort % Korrekt
Ottaro
87%
Dedenne
57%
Feelinara
57%
Flamiau
57%
Lichtel
57%
Ohrdoch
57%
Bauz
53%
Emolga
53%
Froxy
53%
Fynx
53%
Gelatini
53%
Stalobor
53%
Wattzapf
53%
Zoroark
53%
Zorua
53%
Zwottronin
53%
Admurai
50%
Dartiri
50%
Fleknoil
50%
Gramokles
50%
Grillmak
50%
Karadonis
50%
Milza
50%
Quajutsu
50%
Rotomurf
50%
Unratütox
50%
Dusselgurr
47%
Felilou
47%
Igamaro
47%
Irrbis
47%
Kiesling
47%
Nagelotz
47%
Pam-Pam
47%
Parfi
47%
Robball
47%
Somniam
47%
Swaroness
47%
Waumboll
47%
Xerneas
47%
Yorkleff
47%
Yveltal
47%
Zekrom
47%
Zygarde
47%
Barschuft
43%
Choreogel
43%
Dartignis
43%
Deponitox
43%
Duokles
43%
eF-eM
43%
Elezeba
43%
Fiaro
43%
Gelatroppo
43%
Gelatwino
43%
Genesect
43%
Geronimatz
43%
Golbit
43%
Hoopa
43%
Hutsassa
43%
Ignivor
43%
Iscalar
43%
Keldeo
43%
Klikk
43%
Kyurem
43%
Laukaps
43%
Leufeo
43%
Mähikel
43%
Makabaja
43%
Mebrana
43%
Meloetta
43%
Mollimorba
43%
Piccolente
43%
Purmel
43%
Rabigator
43%
Reshiram
43%
Scampisto
43%
Schallquap
43%
Schnuthelm
43%
Scoppel
43%
Sesokitz
43%
Sodamak
43%
Tarnpignon
43%
Terribark
43%
Amphizel
40%
Arktip
40%
Bisofank
40%
Bissbark
40%
Chevrumm
40%
Diancie
40%
Durengard
40%
Flabébé
40%
Flampion
40%
Flampivian
40%
Furnifras
40%
Ganovil
40%
Golgantes
40%
Grebbit
40%
Hopplo
40%
Kapu-Riki
40%
Kastadur
40%
Kleoparda
40%
Lithomith
40%
Maxax
40%
Miezunder
40%
Mimigma
40%
Morbitesse
40%
Parfinesse
40%
Peppeck
40%
Picochilla
40%
Psiau
40%
Rutena
40%
Sen-Long
40%
Solgaleo
40%
Togedemaru
40%
UHaFnir
40%
Vegimak
40%
Viridium
40%
Volcanion
40%
Zebritz
40%
Zytomega
40%
Amarino
37%
Balgoras
37%
Branawarz
37%
Brigaron
37%
Caesurio
37%
Cerapendra
37%
Coiffwaff
37%
Demeteros
37%
Dressella
37%
Duodino
37%
Echnatoll
37%
Flauschling
37%
Floette
37%
Flunschlik
37%
Frigometri
37%
Fuegro
37%
Grillchita
37%
Knirfish
37%
Kronjuwild
37%
Laternecto
37%
Lilminip
37%
Lunala
37%
Meistagrif
37%
Meltan
37%
Monozyto
37%
Praktibalk
37%
Pumpdjinn
37%
Ramoth
37%
Reißlaus
37%
Resladero
37%
Rokkaiman
37%
Rollum
37%
Sedimantur
37%
Shardrago
37%
Skelabra
37%
Sodachita
37%
Somnivora
37%
Strawickl
37%
Terrakium
37%
Toxiped
37%
Tukanon
37%
Vegichita
37%
Viscogon
37%
Viscora
37%
Wolwerock
37%
Wommel
37%
Wummer
37%
Zapplardin
37%
Akkup
33%
Bandelby
33%
Bithora
33%
Brockoloss
33%
Bubungus
33%
Eguana
33%
Elfun
33%
Fasasnob
33%
Fennexis
33%
Flapteryx
33%
Fletiamo
33%
Folikon
33%
Frubaila
33%
Gladiantri
33%
Igastarnish
33%
Jiutesto
33%
Kapu-Fala
33%
Kapu-Kime
33%
Kapuno
33%
Kapu-Toro
33%
Klikdiklak
33%
Kliklak
33%
Koalelu
33%
Kobalium
33%
Mangunior
33%
Navitaub
33%
Pandagro
33%
Pyroleo
33%
Sharfax
33%
Silvarro
33%
Skallyk
33%
Symvolara
33%
Tortunator
33%
Velursi
33%
Vivillon
33%
Voltula
33%
Wuffels
33%
Zurokex
33%
Amfira
30%
Arktilas
30%
Boreos
30%
Calamanero
30%
Castellith
30%
Chimpep
30%
Clavion
30%
Cosmog
30%
Donarion
30%
Ferkuli
30%
Fruyal
30%
Grandiras
30%
Irokex
30%
Kosturso
30%
Kukmarda
30%
Mabula
30%
Mamolida
30%
Maracamba
30%
Mediras
30%
Memmeon
30%
Molunk
30%
Monargoras
30%
Moruda
30%
Primarene
30%
Psiaugon
30%
Pygraulon
30%
Sabbaione
30%
Tentantel
30%
Thermopod
30%
Trikephalo
30%
Tromborrk
30%
Viscargot
30%
Wie-Shu
30%
Wolly
30%
Zapplarang
30%
Amagarga
27%
Amigento
27%
Cavalanzas
27%
Chillabell
27%
Elezard
27%
Fatalitee
27%
Felori
27%
Florges
27%
Frubberl
27%
Fuentente
27%
Galapaflos
27%
Garstella
27%
Grypheldis
27%
Hefel
27%
Hydragil
27%
Imantis
27%
Karippas
27%
Kickerlo
27%
Kommandutan
27%
Krabbox
27%
Krokel
27%
Kwaks
27%
Lauchzelot
27%
Liberlo
27%
Masskito
27%
Melmetal
27%
Mitodos
27%
Paragoni
27%
Puponcho
27%
Quabbel
27%
Rocara
27%
Siberio
27%
Strepoli
27%
Thanatora
27%
Typ:Null
27%
Voldi
27%
Voltolos
27%
Washakwil
27%
Aeropteryx
23%
Aggrostella
23%
Algitt
23%
Brimova
23%
Colossand
23%
Cosmovum
23%
Fermicula
23%
Gufa
23%
Kleptifux
23%
Krawell
23%
Lusardin
23%
Manguspektor
23%
Marikeck
23%
Matrifol
23%
Micrick
23%
Miniras
23%
Necrozma
23%
Pamo
23%
Pampross
23%
Schabelle
23%
Toxel
23%
Trompeck
23%
Zeraora
23%
Araqua
20%
Bellektro
20%
Cottini
20%
Drapfel
20%
Endynalos
20%
Gaunux
20%
Infernopod
20%
Intelleon
20%
Katagami
20%
Kopplosio
20%
Lamellux
20%
Mantidea
20%
Marshadow
20%
Mauzinger
20%
Meikro
20%
Pampuli
20%
Phlegleon
20%
Raffel
20%
Sankabuh
20%
Schlingking
20%
Suelord
20%
Tandrak
20%
Voltriant
20%
Zacian
20%
Zamazenta
20%
Anego
17%
Apoquallyp
17%
Arboretoss
17%
Bailonda
17%
Blipp
17%
Brimano
17%
Cottomi
17%
Dummimisel
17%
Famieps
17%
Feliospa
17%
Forgita
17%
Fragrunz
17%
Gortrom
17%
Gruff
17%
Klopptopus
17%
Knapfel
17%
Legios
17%
Megalon
17%
Muramura
17%
Regidrago
17%
Regieleki
17%
Riffex
17%
Schlapfel
17%
Schlaraffel
17%
Schligda
17%
Snomnom
17%
Tafforgita
17%
Tectass
17%
Zwieps
17%
Zwollock
17%
Axantor
13%
Azugladis
13%
Chimstix
13%
Farigiraf
13%
Gorgasonn
13%
Granforgita
13%
Grolldra
13%
Humanolith
13%
Kaguron
13%
Kranoviz
13%
Krarmor
13%
Maskagato
13%
Meteno
13%
Monetigo
13%
Mortipot
13%
Olini
13%
Olithena
13%
Pamamo
13%
Pamomamo
13%
Pantifrost
13%
Petsnief
13%
Sanaconda
13%
Schligdri
13%
Silembrim
13%
Skelokrok
13%
Snieboss
13%
Urgl
13%
Ursaluna
13%
Venicro
13%
Wampitz
13%
Agoyon
10%
Aranestro
10%
Backel
10%
Bähmon
10%
Barrikadax
10%
Cupidos
10%
Dakuma
10%
Damythir
10%
Epitaff
10%
Flaniwal
10%
Friedwuff
10%
Kamehaps
10%
Kaocto
10%
Katapuldra
10%
Knarbon
10%
Knattatox
10%
Kubuin
10%
Lextremo
10%
Magearna
10%
Morpeko
10%
Myriador
10%
Nigiragi
10%
Oghnatoll
10%
Olangaar
10%
Olivinio
10%
Phandra
10%
Schlurm
10%
Servol
10%
Voltrean
10%
Zapplalek
10%
Zarude
10%
Affiti
7%
Barrakiefa
7%
Brüllschweif
7%
Curelei
7%
Duralodon
7%
Eisendorn
7%
Eisenhand
7%
Espinodon
7%
Flatterhaar
7%
Gladimperio
7%
Heerashai
7%
Hokumil
7%
Kamalm
7%
Klonkett
7%
Knattox
7%
Kolowal
7%
Kupfanti
7%
Lokroko
7%
Maritellit
7%
Montecarbo
7%
Mottineva
7%
Normifin
7%
Patinaraja
7%
Pelzebub
7%
Phantoross
7%
Pikuda
7%
Pokusan
7%
Quatermark
7%
Salanga
7%
Saltigant
7%
Sensect
7%
Tentagra
7%
Voltrel
7%
Wulaosu
7%
Adebom
3%
Britzigel
3%
Coronospa
3%
Crimanzo
3%
Delfinator
3%
Eisenbündel
3%
Eisenfalter
3%
Eisenhals
3%
Eisenrad
3%
Geosali
3%
Halupenjo
3%
Keradar
3%
Krawalloro
3%
Kriechflügel
3%
Lecryodon
3%
Lectragon
3%
Lumiflora
3%
Lumispross
3%
Mollimorba
3%
Mopex
3%
Pescragon
3%
Pescryodon
3%
Polaross
3%
Psiopatra
3%
Riesenzahn
3%
Salmagnis
3%
Sandfell
3%
Sedisal
3%
Spinsidias
3%
Sproxi
3%
Tarundel
3%
Wagong
3%
Wutpilz
3%
Agiluza
0%
Chilingel
0%
Cryospino
0%
Flaminkno
0%
Flattutu
0%
Frospino
0%
Gierspinst
0%
Horrerba
0%
Klibbe
0%
Mastifioso
0%
Mobtiff
0%
Relluk
0%
Skarabaks
0%
Tenterra
0%
Weherba
0%
Keine übereinstimmenden Quizze gefunden
Verteilung der Resultate
Anzahl Personen mit jedem Resultat
Perzentil nach korrekt beantworteten Fragen
Ihre Resultats-Entwicklung
Sie haben dieses Quiz seit der letzten Aktualisierung nicht gespielt